000 00942nam a2200289 i 4500
003 DO-SdBNP
005 20250404150329.0
007 ta
008 250404b2024 dr a|||| |||| 00| 0 spa d
020 _a9789945223880
040 _aDO-SdBNP
_bspa
_cBNPHU
_erda
082 4 _222
_axxx
_bZ35e
100 _aZapete, Marino,
_eautor
_4aut.
_911837
245 1 0 _aEspejo para corruptos /
_cMarino Zapete ; prólogo, Carolina Santana Sabbagh
250 _aPrimera edición
264 4 _aSanto Domingo :
_bEditora Búho,
_c©2024.
300 _a638 páginas ;
_c26 cm.
336 _atexto
_btxt
_2rdacontent
337 _asin mediación
_bn
_2rdamedia
338 _avolumen
_bnc
_2rdacarrier
500 _aIncluye datos biográficos del autor en las solapas
500 _aIncluye índice onomástico
590 _aInventariado, 2024/BT
700 1 _aSantana Sabbagh, Carolina,
_eprologuista
_4pr.
_987355
910 _aBtavárez
942 _2ddc
_cLBS1
999 _c58624
_d58624